| 000 | 01326nam a22002537a 4500 | ||
|---|---|---|---|
| 010 | _aA-405925 | ||
| 020 |
_c600.00 (set) _a8170160359 |
||
| 035 | _aA-405925 | ||
| 037 | _aCen Lib / Ret | ||
| 040 |
_aDPL _bHN |
||
| 082 |
_a822 _bवर्मारा |
||
| 245 |
_aरामकुमार वर्मा नाटक रचनावली / _cसंपादक कमल किशोर गोयनका और चन्द्रिका प्रसाद शर्मा |
||
| 246 |
_aRamkumar Verma Natak rachnavali / _bedited by Kamal Kishore Goyanka and Chandrika Parshad Sharma |
||
| 260 |
_aनई दिल्ली _bकिताबघर _c1990 |
||
| 270 |
_a24/4866, शीलतारा हाउस, अंसारी रोड दरियागंज _bनई दिल्ली _e110002 |
||
| 300 | _a3 v. (v 2. 555p) ; | ||
| 650 | _aसाहित्य--हिन्दी | ||
| 650 | _aसाहित्य--हिन्दी--रामकुमार वर्मा-नाटक | ||
| 650 | _aLiterature-- hindi- | ||
| 650 | _aLiterature-- hindi--Darama Rajkumar Verma | ||
| 700 | _aगोयनका, कमल किशोर | ||
| 700 | _aशर्मा, चन्द्रिका प्रसाद | ||
| 942 |
_2ddc _cEN _h822 _mवर्मारा |
||
| 999 |
_c122369 _d122369 |
||